000 00494nam a2200169 i 4500
001 25814
003 ES-MaACL
005 20260115063024.0
007 t|
008 030103s1973 sp ||||1| spa d
100 1 _aAreilza, José María de,
_d1909-1998
_922575
245 1 0 _aFiguras y pareceres /
_cJosé María de Areilza.
260 _aMadrid :
_b[s.n.],
_c1973 (
_fGráf. Espejo)
300 _a512 p. ;
_c19 cm.
852 _aES-MaACL
_jC-51563
_bR.85241
999 _c25814
_d25814